Biggest Cities in Maine on a Map - Statistics

General Stats
  • This quiz has been taken 425 times
  • The average score is 6 of 10
Answers on the Map
Answers color-coded by a green-red scale on the quiz's map according to % correct below.
 
Answer Stats
Population City % Correct
66,882 Portland
99%
31,903 Bangor
85%
36,221 Lewiston
65%
25,483 South Portland
62%
23,033 Auburn
47%
19,485 Saco
45%
21,488 Biddeford
41%
20,278 Brunswick
39%
21,028 Sanford
35%
18,919 Scarborough
33%
No matching quizzes found
Score Distribution
Percent of People with Each Score
Percentile by Number Answered
Your Score History
You have not taken this quiz